000
00219nam a22000857a 4500
008
161202b xxu||||| |||| 00| 0 eng d
100
_9
1734
_a
Bhattacharya.A.
245
_a
Home Science -XII
260
_a
NEW DELHI
_b
PACHANA
_c
2002
999
_c
4443
_d
4443